000
00494nam a2200145Ia 4500
008
151213s9999 xx 000 0 und d
100
_a
সাঈদ আহমেদ।
245
_a
কালবেলা মাইলপেট,তৃজয়া।
_c
সাঈদ আহমেদ।
260
_a
ঢাকা
_b
বাংলা একাডেমী।
_c
1992
300
_a
8826 p.
650
_a
Bangla
650
_a
নাটক।
700
_a
সাঈদ আহমেদ।
999
_c
4611
_d
4611